| 000 | 00975nam a22002057a 4500 | ||
|---|---|---|---|
| 003 | OSt | ||
| 005 | 20160620110321.0 | ||
| 008 | 150409b xxu||||| |||| 00| 0 eng d | ||
| 040 | _cBMC | ||
| 082 | _a004.1 | ||
| 100 | 1 |
_935878 _aTurcios Castillo, Tatiana Salomé |
|
| 245 | 1 | 0 |
_aPasantía de asistente de la gerencia informática en la Dirección Departamental de Educación del Departamento de Ahuachapán _b: Informe final _cTatiana Salomé Turcios Castillo |
| 260 |
_aSanta Ana (El Salvador) _bUniversidad Católica de Occidente _c2008 |
||
| 300 |
_a1 v. (pág. var.) _c28 cm _e+ 1 disco compacto |
||
| 500 | _aPrecede al tít.: Universidad Católica de Occidente, Facultad de Ciencias Económicas | ||
| 502 | _aTrabajo de graduación para optar al grado académico de Licenciatura en Sistemas Informáticos Administrativos | ||
| 650 | 2 | 4 |
_92031 _aInformática |
| 710 | 2 |
_91067 _aUniversidad Católica de El Salvador _bFacultad de Ciencias Empresariales |
|
| 942 |
_2ddc _cTG |
||
| 999 |
_c22176 _d22176 |
||